| 000 | 00493cam a2200157u 4500 | ||
|---|---|---|---|
| 082 |
_a624.1 _bATK _cL-20, P-13 |
||
| 100 | 1 |
_aAtkin, Harry. [from old catalog] _942300 |
|
| 245 | 1 | 4 | _aThe erection of engineering structures and plant; |
| 260 |
_aLondon, _bChapman & Hall, ltd., _c1925. |
||
| 300 |
_a2 p. _bl., [vii]-xii, 198 p. illus., diagrs. _c22 cm. |
||
| 526 |
_a0 _b0 _c0 _d624_100000000000000_ATK |
||
| 650 | 0 | _aBuilding. | |
| 650 | 0 | _aEngineering. | |
| 650 | 0 |
_aMCE _9379 |
|
| 942 |
_2ddc _cBK |
||
| 999 |
_c546216 _d546216 |
||